| 000 | 01104pam a2200349 a 4500 | ||
|---|---|---|---|
| 999 |
_c57494 _d57494 |
||
| 001 | 3886545 | ||
| 005 | 20200629120238.0 | ||
| 008 | 900405s2014 dcua b 001 0 eng c | ||
| 010 | _a 90000530 | ||
| 020 | _a0880481129 (alk. paper) | ||
| 020 | _a0880481145 (pbk. : alk. paper) | ||
| 020 | _a9789386217899 | ||
| 040 |
_aDNLM/DLC _cDLC _dDLC |
||
| 041 | _aeng | ||
| 050 | 0 | 0 |
_aRC454 _b.A427 1991 |
| 060 | _aWM 100 A557i | ||
| 080 | _a616.89 B-64 | ||
| 082 | 0 | 0 |
_a616.89 _220 |
| 100 | 1 |
_aBlack, D. W. _98856 |
|
| 245 | 1 | 0 |
_aIntroductory textbook of psychiatry / _c Donald W. Black, Nancy C. Andreasen, |
| 250 | _aSixth edition | ||
| 260 |
_aWashington, DC : _bAmerican Psychiatric Press, _cc2014 |
||
| 300 |
_aviii, 760 p. : _bill. ; _c25 cm. |
||
| 504 | _aIncludes bibliographical references and index. | ||
| 650 | 0 |
_aPsychiatry. _9254 |
|
| 650 | 2 |
_aMental Disorders. _9255 |
|
| 653 | _aფსიქიატრია | ||
| 653 | _aმედიცინა | ||
| 700 | 1 |
_aAndreasen, Nancy C. _d1956- _98857 |
|
| 906 |
_a7 _bcbc _corignew _d1 _eocip _f19 _gy-gencatlg |
||
| 942 |
_2udc _cBK |
||